000 00571nam a2200181 a 4500
001 000036652
005 20200930075843.0
008 120124s1973 xxu 000 0 spa d
040 _aDO-SdBNP
_bspa
_cBNPHU
082 _axxx
_bxxx
100 1 _aBlondel Jean
_962935
245 1 0 _aComparing political systems /
_cJean Blondel.
260 _aNew York :
_bPraeger Publishers,
_c1973.
300 _a260 p. ;
_c21 cm.
500 _aIncluye notas al pie de páginas
500 _aIncluye datos biográficos del autor en la contraportada
500 _aBibliografía : p. 249-254
999 _c36143
_d36143